Benito Menni, testigo de la caridad
Guardat en:
| Autor principal: | |
|---|---|
| Format: | Llibre |
| Idioma: | espanyol |
| Publicat: |
Madrid
Católica
1985
|
| Col·lecció: | Biblioteca de Autores Cristianos
|
| Matèries: | |
| Etiquetes: |
Afegir etiqueta
Sense etiquetes, Sigues el primer a etiquetar aquest registre!
|
MARC
| LEADER | 00000nam a2200000 a 4500 | ||
|---|---|---|---|
| 001 | UCR2213 | ||
| 003 | CL-VaPUC | ||
| 008 | 980109e19850000SP |||||||||||||||||spa|d | ||
| 082 | 0 | 4 | |a 248.894 |b ZUÑ |2 21 |
| 100 | 0 | |a Zuñeda Salazar, Emilio |e author |9 400014 | |
| 245 | 1 | 0 | |a Benito Menni, testigo de la caridad |
| 300 | |a 223 p | ||
| 942 | |c BK | ||
| 945 | |d 19980109 00:00:00 |a rleighto | ||
| 260 | |a Madrid |b Católica |c 1985 | ||
| 600 | 0 | 7 | |a MENNI, BENITO |2 CL-VaPUC |9 400015 |
| 650 | 7 | |a RELIGIOSOS |2 CL-VaPUC |9 352012 | |
| 650 | 0 | |a Vida religiosa |9 257284 | |
| 650 | 0 | |a Sacerdotes |9 315705 | |
| 650 | 0 | |a Cristianismo |9 257361 | |
| 583 | |a last modification |c 19980109 00:00:00 |k Rodrigo Vera | ||
| 490 | 0 | |a Biblioteca de Autores Cristianos | |
| 999 | |c 265471 |d 265469 | ||
| 952 | |0 0 |1 0 |4 0 |6 248_894000000000000_ZUÑ_1985 |7 0 |8 A |9 296407 |a BIBTEO |b BIBTEO |d 2019-11-20 |i 336920K |o 248.894 ZUÑ 1985 |p 336920K |r 2025-01-17 |w 2019-11-20 |y BK |k ICR | ||